[Event "DEM U14w 2016"]
[Site "Willingen GER"]
[Date "2016.05.21"]
[Round "9"]
[White "Bünte, Kirsten"]
[Black "Müdder, Melanie"]
[Result "1/2-1/2"]
[Termination "normal"]
[Board "9"]
[WhiteElo "1453"]
[BlackElo "1527"]
[PlyCount "80"]
[WhiteFideId "16200535"]
[BlackFideId "12994103"]
[EventCountry "GER"]
[EventRounds "9"]
[EventType "swiss"]
[EventDate "2016.05.14"]

1. d4 c5 2. Nf3 cxd4 3. Nxd4 d5 4. e3 e5 5. Nf3 Bg4 6. Be2 Bxf3 7. Bxf3 Nf6 8.
O-O e4 9. Be2 Bc5 10. c4 O-O 11. Nc3 d4 12. exd4 Bxd4 13. Qc2 Bxc3 14. Qxc3 Qc7
15. Be3 Nc6 16. Rad1 Rac8 17. b3 Rfe8 18. Bc5 Qf4 19. Qg3 Qxg3 20. hxg3 b6 21.
Be3 Nb4 22. Rd2 Red8 23. Rfd1 Nc6 24. Bg5 Rxd2 25. Rxd2 Ne8 26. Bg4 Ra8 27. Bf5
h6 28. Bxe4 hxg5 29. Bxc6 Rc8 30. Bxe8 Rxe8 31. Kf1 Kf8 32. Rd7 Ra8 33. Ke2 Ke8
34. Rc7 g6 35. Ke3 a5 36. c5 bxc5 37. Rxc5 a4 38. Rxg5 axb3 39. axb3 Rb8 40.
Rd5 Rxb3+ 1/2-1/2

[Event "DEM U14w 2016"]
[Site "Willingen GER"]
[Date "2016.05.21"]
[Round "9"]
[White "Weimert, Miriam"]
[Black "Albert, Eske"]
[Result "1-0"]
[Termination "normal"]
[Board "10"]
[WhiteElo "1761"]
[BlackElo "1166"]
[PlyCount "105"]
[WhiteFideId "12966703"]
[BlackFideId "12991813"]
[EventCountry "GER"]
[EventRounds "9"]
[EventType "swiss"]
[EventDate "2016.05.14"]

1. e4 e5 2. Nf3 d6 3. Bc4 Be7 4. O-O Nf6 5. Nc3 O-O 6. d4 exd4 7. Nxd4 Nxe4 8.
Nxe4 d5 9. Bd3 dxe4 10. Bxe4 Re8 11. c3 Bf6 12. Bd3 b6 13. Bb5 c6 14. Nxc6 Qxd1
15. Rxd1 Rf8 16. Nxb8 Rxb8 17. Bf4 Rb7 18. Bc6 Re7 19. Bd6 Bf5 20. Bxe7 Bxe7
21. Bd7 Bg6 22. Bg4 a6 23. Rd7 Bf6 24. Rb7 b5 25. Rb6 h5 26. Bf3 Rd8 27. Rd1
Re8 28. h3 Bf5 29. Bxh5 Be7 30. Rxa6 Be6 31. Rxe6 g6 32. Bxg6 fxg6 33. Rxg6+
Kf7 34. Rb6 b4 35. cxb4 Rc8 36. Rb7 Kf8 37. a4 Rc4 38. a5 Rc8 39. a6 Ra8 40. a7
Ke8 41. Rb8+ Rxb8 42. axb8=Q+ Kf7 43. Rd7 Kf6 44. Rxe7 Kxe7 45. Qb6 Kd7 46. Qg6
Ke7 47. h4 Kd7 48. h5 Ke7 49. h6 Kd7 50. h7 Ke7 51. h8=R Kd7 52. Rh7+ Kd8 53.
Qg8# 1-0

[Event "DEM U14w 2016"]
[Site "Willingen GER"]
[Date "2016.05.21"]
[Round "9"]
[White "Garbuz, Nicole"]
[Black "Kung, Fanny"]
[Result "1/2-1/2"]
[Termination "normal"]
[Board "11"]
[WhiteElo "1618"]
[BlackElo "1472"]
[PlyCount "59"]
[WhiteFideId "12990701"]
[BlackFideId "12987689"]
[EventCountry "GER"]
[EventRounds "9"]
[EventType "swiss"]
[EventDate "2016.05.14"]

1. e4 d5 2. exd5 Nf6 3. d4 Nxd5 4. Nf3 Bg4 5. h3 Bh5 6. c4 Nb6 7. g4 Bg6 8. Qb3
Be4 9. Nbd2 Bc6 10. Be2 e6 11. Rg1 N8d7 12. h4 Qe7 13. Qe3 O-O-O 14. b3 g6 15.
Bb2 Rg8 16. O-O-O Bg7 17. g5 Rge8 18. Nb1 Nf8 19. Ne5 Bxe5 20. dxe5 Rd7 21. Ba3
Qd8 22. Qf4 Kb8 23. Rxd7 Nfxd7 24. Rd1 Qc8 25. Qxf7 Nxe5 26. Qxh7 Rh8 27. Qg7
Nbd7 28. f4 Rg8 29. Qh7 Rh8 30. Qg7 1/2-1/2

[Event "DEM U14w 2016"]
[Site "Willingen GER"]
[Date "2016.05.21"]
[Round "9"]
[White "Flach, Helene"]
[Black "Huppert, Anna"]
[Result "1-0"]
[Termination "normal"]
[Board "13"]
[WhiteElo "1822"]
[BlackElo "1029"]
[PlyCount "51"]
[WhiteFideId "12929735"]
[BlackFideId "16214439"]
[EventCountry "GER"]
[EventRounds "9"]
[EventType "swiss"]
[EventDate "2016.05.14"]

1. e4 e6 2. d4 d5 3. Nd2 Bd6 4. e5 Be7 5. Bd3 c5 6. c3 Nc6 7. Ne2 cxd4 8. cxd4
f6 9. f4 Bb4 10. a3 Bxd2+ 11. Bxd2 Nh6 12. Bc3 fxe5 13. fxe5 O-O 14. Qc2 Nf5
15. O-O Ne3 16. Bxh7+ Kh8 17. Rxf8+ Qxf8 18. Qd3 Nf5 19. Qh3 Nh6 20. Rf1 Qe7
21. Bg6 Bd7 22. Bd2 Be8 23. Bxh6 gxh6 24. Qxh6+ Kg8 25. Rf8+ Qxf8 26. Qh7# 1-0

[Event "DEM U14w 2016"]
[Site "Willingen GER"]
[Date "2016.05.21"]
[Round "9"]
[White "Kukulina, Sonja"]
[Black "Mirschel, Alina"]
[Result "1-0"]
[Termination "normal"]
[Board "14"]
[WhiteElo "1579"]
[BlackElo "1008"]
[PlyCount "121"]
[WhiteFideId "12977047"]
[BlackFideId "12997048"]
[EventCountry "GER"]
[EventRounds "9"]
[EventType "swiss"]
[EventDate "2016.05.14"]

1. e4 e5 2. Nf3 Nc6 3. Bc4 Bc5 4. c3 Nf6 5. d4 exd4 6. cxd4 Bb4+ 7. Bd2 Nxe4 8.
Bxb4 Nxb4 9. Bxf7+ Kxf7 10. Qb3+ d5 11. Ne5+ Ke8 12. Qxb4 Qd6 13. Qxd6 cxd6 14.
Nd3 Bf5 15. Nf4 Rc8 16. O-O Rc4 17. Nxd5 Rxd4 18. Nbc3 Nxc3 19. Nxc3 Kf7 20.
Nb5 Rd5 21. Na3 Rc8 22. Rfd1 Rxd1+ 23. Rxd1 a6 24. Kf1 Ke6 25. Ke2 b5 26. b3
Ke5 27. f4+ Ke6 28. h3 g5 29. fxg5 Ke5 30. Rd2 Rd8 31. Nc2 Bxc2 32. Rxc2 Ke4
33. Rc7 Rg8 34. Rxh7 Rxg5 35. Rh4+ Ke5 36. Rg4 Rxg4 37. hxg4 Kf4 38. Kd3 Kxg4
39. Kd4 Kg3 40. Kd5 Kxg2 41. Kxd6 Kf2 42. Kc6 b4 43. Kb6 Ke2 44. Kxa6 Kd2 45.
Kb5 Kc3 46. Ka4 Kb2 47. Kxb4 Kxa2 48. Ka4 Kb2 49. b4 Kc3 50. b5 Kc4 51. b6 Kc5
52. b7 Kd5 53. b8=Q Kd4 54. Kb4 Kd5 55. Qf4 Ke6 56. Qg5 Kd6 57. Qf5 Kc6 58. Qe5
Kd7 59. Kc5 Kd8 60. Kc6 Kc8 61. Qc7# 1-0

[Event "DEM U14w 2016"]
[Site "Willingen GER"]
[Date "2016.05.21"]
[Round "9"]
[White "Mundt, Alexandra"]
[Black "Du, Jessica"]
[Result "1-0"]
[Termination "normal"]
[Board "15"]
[WhiteElo "1259"]
[BlackElo "1520"]
[PlyCount "113"]
[WhiteFideId "16217276"]
[BlackFideId "12988529"]
[EventCountry "GER"]
[EventRounds "9"]
[EventType "swiss"]
[EventDate "2016.05.14"]

1. e4 e5 2. Nc3 Nf6 3. Bc4 Bc5 4. d3 h6 5. Nf3 d6 6. Be3 Bb6 7. h3 Be6 8. Bb3
Nc6 9. O-O d5 10. exd5 Bxd5 11. Bxb6 axb6 12. Nxd5 Nxd5 13. Re1 Qd6 14. d4
O-O-O 15. Nxe5 Nxe5 16. Rxe5 Nf4 17. Qg4+ Ne6 18. Rd1 Kb8 19. Bxe6 fxe6 20.
Qxe6 Qxe6 21. Rxe6 Rd7 22. c3 Rhd8 23. Rde1 Ka7 24. Re7 c5 25. Rxd7 Rxd7 26.
Re4 Ka6 27. Kf1 Kb5 28. Ke2 Kc4 29. Ke3 Kd5 30. g4 Rf7 31. b3 c4 32. Re5+ Kd6
33. bxc4 Rf8 34. c5+ bxc5 35. Rxc5 Ra8 36. Rb5 Kc7 37. Rb2 Re8+ 38. Kd3 Rf8 39.
Ke4 Rf6 40. d5 Rd6 41. f4 Rf6 42. f5 g6 43. Rf2 Kd6 44. fxg6 Rxg6 45. Re2 b5
46. Kd4 Rf6 47. Re6+ Rxe6 48. dxe6 Kxe6 49. Kc5 Ke5 50. Kxb5 Kf4 51. a4 Kg3 52.
a5 Kxh3 53. a6 Kxg4 54. a7 h5 55. a8=Q h4 56. Qg2+ Kh5 57. Kc5 1-0